000
00334nam a22001457a 4500
008
210311b ||||| |||| 00| 0 eng d
020
_a
0871500361
041
_a
eng
080
_2
2nd
_a
311
082
_2
2nd
_a
311
100
_a
55
101
_a
STA
245
_a
Statistical Thinking for Managers
_c
Hildebrand,K.D
942
_2
udc
_c
BK
999
_c
56458
_d
56458